Let’s (not) talk about race: comparing mock jurors’ verdicts and deliberation content in a case of lethal police use of force with a White or Indigenous victim

Several lethal police use of force (UoF) encounters have recently occurred across North America, sparking public debate about officer accountability. This project investigated what jurors discuss during deliberations in simulated trials involving UoF and evaluated whether the race of the victim affe...

Full description

Saved in:  
Bibliographic Details
Authors: Ewanation, Logan (Author) ; Maeder, Evelyn M. (Author)
Format: Electronic Article
Language:English
Published: 2026
In: Psychology, crime & law
Year: 2026, Volume: 32, Issue: 1, Pages: 49-79
Online Access: Volltext (lizenzpflichtig)
Check availability: HBZ Gateway
Keywords:

MARC

LEADER 00000naa a22000002c 4500
001 1947847325
003 DE-627
005 20260107054820.0
007 cr uuu---uuuuu
008 260107s2026 xx |||||o 00| ||eng c
024 7 |a 10.1080/1068316X.2023.2219814  |2 doi 
035 |a (DE-627)1947847325 
035 |a (DE-599)KXP1947847325 
040 |a DE-627  |b ger  |c DE-627  |e rda 
041 |a eng 
084 |a 2,1  |2 ssgn 
100 1 |a Ewanation, Logan  |e VerfasserIn  |0 (orcid)0000-0002-4174-9099  |4 aut 
245 1 0 |a Let’s (not) talk about race: comparing mock jurors’ verdicts and deliberation content in a case of lethal police use of force with a White or Indigenous victim 
264 1 |c 2026 
336 |a Text  |b txt  |2 rdacontent 
337 |a Computermedien  |b c  |2 rdamedia 
338 |a Online-Ressource  |b cr  |2 rdacarrier 
520 |a Several lethal police use of force (UoF) encounters have recently occurred across North America, sparking public debate about officer accountability. This project investigated what jurors discuss during deliberations in simulated trials involving UoF and evaluated whether the race of the victim affects individual verdicts and deliberation content. Canadian jury-eligible participants (N = 78) watched and listened to a fictional trial involving a police officer charged with manslaughter with a White or Indigenous victim. After rendering individual pre-deliberation verdicts, mock jurors took part in a 60-minute deliberation session, then rendered individual post-deliberation verdicts. Although victim race did not have a statistically significant effect on pre-deliberation verdicts, the odds of jurors rendering a guilty post-deliberation verdict was nearly 10 times higher when the victim was White as opposed to Indigenous. Deliberation analyses indicated that jurors were significantly more likely to provide ‘anti-defendant’ and ‘pro-prosecution’ utterances when the victim was White as compared to Indigenous. However, jurors very rarely directly discussed race in deliberations. Additionally, jurors with negative perceptions of police were significantly more likely to utter ‘anti-defendant’ statements. Overall, this study suggests that, contrary to the assumption of the Canadian legal system, victim race influences legal decision-making in trials involving officer UoF. 
650 4 |a Deliberation 
650 4 |a victim race 
650 4 |a Police use of force 
650 4 |a Jury decision-making 
650 4 |a Juror decision-making 
700 1 |a Maeder, Evelyn M.  |e VerfasserIn  |0 (DE-588)121030919X  |0 (DE-627)1698356757  |0 (DE-576)486037428  |4 aut 
773 0 8 |i Enthalten in  |t Psychology, crime & law  |d Getzville, NY : HeinOnline, 1994  |g 32(2026), 1, Seite 49-79  |h Online-Ressource  |w (DE-627)341903574  |w (DE-600)2070124-X  |w (DE-576)27234995X  |x 1477-2744  |7 nnas 
773 1 8 |g volume:32  |g year:2026  |g number:1  |g pages:49-79 
856 4 0 |u https://doi.org/10.1080/1068316X.2023.2219814  |x Resolving-System  |z lizenzpflichtig  |3 Volltext  |7 1 
935 |a mkri 
951 |a AR 
ELC |a 1 
LOK |0 000 xxxxxcx a22 zn 4500 
LOK |0 001 4840528527 
LOK |0 003 DE-627 
LOK |0 004 1947847325 
LOK |0 005 20260107043604 
LOK |0 008 260107||||||||||||||||ger||||||| 
LOK |0 035   |a (DE-2619)KrimDok#2026-01-06#0341FED66808830B90BADC40AF8966D1DC6263E2 
LOK |0 040   |a DE-2619  |c DE-627  |d DE-2619 
LOK |0 092   |o n 
LOK |0 852   |a DE-2619 
LOK |0 852 1  |9 00 
LOK |0 935   |a zota 
LOK |0 939   |a 07-01-26  |b l01 
ORI |a SA-MARC-krimdoka001.raw